Представление документа в формате MARC21

Поле Инд. ПП Название Значение
Тип записи a
Библиографический уровень m
001 Контрольный номер RU/IS/BASE/226498824
005 Дата корректировки 20160115104208.3
020 00 a ISBN 5-224-03370-5
c Цена, тираж 51-48
084 a Индекс другой классификации/Индекс ББК 66.4(0),3
090 a Полочн. индекс 66.4
x Авторский знак Ж 22
100 10 a Автор Жаккар Р.
245 00 a Заглавие Именем Усамы бен Ладена. Секретное досье на террориста, которого разыскивает весь мир
b Продолж. заглавия пер. с фр.
260 00 a Место издания Москва
b Издательство Олма-Пресс
c Дата издания 2002
300 00 a Объем 381 с.
b Иллюстрации/ тип воспроизводства ил.
440 00 a Серия Досье
600 14 a Персоналии Усама бен Ладан, террорист
650 _4 a Основная рубрика Терроризм международный
651 _4 a Географическое наименование Афганистан
653 00 a Ключевые слова Терроризм
653 00 a Ключевые слова Талибы
653 00 a Ключевые слова Ислам
653 00 a Ключевые слова Арабы
990 00 f Даты поступлений (DOS) 04.02